[Event "Allauch op 5th"]
[Site "Allauch"]
[Date "2023.08.31"]
[Round "7"]
[White "Moncamp, Gilles"]
[Black "Derige Kane, Yan"]
[Result "0-1"]
[WhiteElo "2103"]
[BlackElo "2162"]
[PlyCount "68"]
[EventDate "2023.08.28"]
[EventType "swiss"]
[EventRounds "9"]
[EventCountry "FRA"]
[SourceTitle "EXT 2024"]
[Source "ChessBase"]
[SourceDate "2023.10.10"]
[SourceVersion "1"]
[SourceVersionDate "2023.10.10"]
[SourceQuality "1"]

1. e4 c6 2. d4 d5 3. e5 Bf5 4. Nc3 e6 5. g4 Bg6 6. Nge2 c5 7. Be3 h5 8. Nf4 Bh7 9. Bb5+ Nc6 10. dxc5 hxg4 11. Qxg4 Bxc2 12. Qe2 Bf5 13. 0-0-0 Nge7 14. Rd4 Qc7 15. Nd3 Bxd3 16. Qxd3 Qxe5 17. Bf4 Qf5 18. Bxc6+ bxc6 19. Qa6 e5 20. Re1 f6 21. Bg3 g6 22. Rb4 Kf7 23. Rb7 Bh6+ 24. Kd1 Rhb8 25. f4 Rxb7 26. Qxb7 Qd3+ 27. Kc1 Re8 28. Qd7 exf4 29. Qe6+ Kg7 30. Bf2 d4 31. Bxd4 Qxd4 32. Kc2 Qxc5 33. Re4 Qf5 34. Qd6 Nd5 0-1

[Event "Allauch op 5th"]
[Site "Allauch"]
[Date "2023.08.31"]
[Round "6"]
[White "Pinto, Axel"]
[Black "Moncamp, Gilles"]
[Result "0-1"]
[WhiteElo "1837"]
[BlackElo "2103"]
[PlyCount "86"]
[EventDate "2023.08.28"]
[EventType "swiss"]
[EventRounds "9"]
[EventCountry "FRA"]
[SourceTitle "EXT 2024"]
[Source "ChessBase"]
[SourceDate "2023.10.10"]
[SourceVersion "1"]
[SourceVersionDate "2023.10.10"]
[SourceQuality "1"]

1. d4 c6 2. c4 d5 3. Nf3 Nf6 4. Qc2 g6 5. Bf4 Bf5 6. Qb3 Qb6 7. e3 Qxb3 8. axb3 Bxb1 9. Rxb1 Nbd7 10. h3 e6 11. Bd3 Bb4+ 12. Ke2 0-0 13. Rhc1 Rfe8 14. Ra1 Bf8 15. Kf1 Ne4 16. Bxe4 dxe4 17. Ne5 Nxe5 18. Bxe5 a6 19. Rd1 Rad8 20. f3 exf3 21. gxf3 Rd7 22. Ke2 Bg7 23. Bxg7 Kxg7 24. e4 f5 25. e5 Red8 26. Ke3 c5 27. d5 exd5 28. Ra5 d4+ 29. Kd3 Rc7 30. b4 cxb4 31. Rd5 Rdc8 32. b3 b5 33. cxb5 Rc3+ 34. Kxd4 axb5 35. Rd7+ Kh6 36. e6 Re8 37. e7 Kg7 38. Rd3 Rxd3+ 39. Kxd3 Kf6 40. Rd4 Rxe7 41. Rxb4 Kg5 42. Rxb5 Kf4 43. Rb4+ Kxf3 0-1

[Event "Salon de Provence op 7th"]
[Site "Salon de Provence"]
[Date "2016.07.12"]
[Round "5"]
[White "Jeanjean, Dominique"]
[Black "Moncamp, Gilles"]
[Result "1/2-1/2"]
[WhiteElo "2129"]
[BlackElo "2101"]
[PlyCount "77"]
[EventDate "2016.07.09"]
[EventType "swiss"]
[EventRounds "9"]
[EventCountry "FRA"]
[SourceTitle "EXT 2019"]
[Source "ChessBase"]
[SourceDate "2018.10.10"]
[SourceVersion "1"]
[SourceVersionDate "2018.10.10"]
[SourceQuality "1"]

1. e4 d5 2. exd5 Nf6 3. Bb5+ Bd7 4. Bc4 Bg4 5. f3 Bf5 6. g4 Bg6 7. Nc3 Nbd7 8. h4 h6 9. d4 a6 10. Nge2 Nb6 11. Bb3 Nbxd5 12. Nxd5 Nxd5 13. c4 Nf6 14. Nf4 Bh7 15. Be3 e6 16. Qd2 a5 17. a3 a4 18. Bc2 Bxc2 19. Qxc2 Bd6 20. 0-0-0 Qe7 21. g5 Bxf4 22. Bxf4 hxg5 23. hxg5 Nh5 24. g6 0-0-0 25. Qxa4 fxg6 26. d5 Kb8 27. Be3 b6 28. Rhe1 Qd7 29. Qb3 exd5 30. cxd5 Nf6 31. Bf4 Kb7 32. d6 cxd6 33. Be3 Qc6+ 34. Kb1 Nd7 35. Qf7 Ka8 36. Rc1 Nc5 37. Bxc5 dxc5 38. Re7 Rhf8 39. Qxg7 1/2-1/2

[Event "Salon de Provence op 7th"]
[Site "Salon de Provence"]
[Date "2016.07.11"]
[Round "4"]
[White "Moncamp, Gilles"]
[Black "Bohli, Adam"]
[Result "1-0"]
[WhiteElo "2101"]
[BlackElo "1650"]
[PlyCount "45"]
[EventDate "2016.07.09"]
[EventType "swiss"]
[EventRounds "9"]
[EventCountry "FRA"]
[SourceTitle "EXT 2019"]
[Source "ChessBase"]
[SourceDate "2018.10.10"]
[SourceVersion "1"]
[SourceVersionDate "2018.10.10"]
[SourceQuality "1"]

1. e4 c6 2. d4 d5 3. e5 c5 4. c4 cxd4 5. Qxd4 Nc6 6. Qxd5 Qxd5 7. cxd5 Nxe5 8. Nc3 Nf6 9. Bf4 Ng6 10. Be3 Bd7 11. Nf3 e6 12. dxe6 Bxe6 13. Bb5+ Bd7 14. 0-0-0 Bb4 15. Rhe1 Bxc3 16. bxc3 0-0-0 17. Bc4 Bg4 18. Rxd8+ Rxd8 19. Bxa7 Bxf3 20. gxf3 Rd7 21. Bd4 Rc7 22. Bd3 Nf4 23. Bf5+ 1-0

[Event "Marseille op"]
[Site "Marseille"]
[Date "2007.12.28"]
[Round "3"]
[White "Moncamp, Gilles"]
[Black "Teychene, Jean Louis"]
[Result "0-1"]
[WhiteElo "2207"]
[BlackElo "1996"]
[PlyCount "38"]
[EventDate "2007.12.27"]
[EventType "swiss"]
[EventRounds "9"]
[EventCountry "FRA"]
[SourceTitle "CBM 122 Extra"]
[Source "ChessBase"]
[SourceDate "2008.03.04"]
[SourceVersion "1"]
[SourceVersionDate "2008.03.04"]
[SourceQuality "1"]

1. e4 e5 2. Nf3 Nf6 3. Nc3 Bb4 4. Nd5 Nxd5 5. exd5 0-0 6. c3 e4 7. cxb4 exf3 8. Qxf3 Qe7+ 9. Be2 Qxb4 10. 0-0 d6 11. a3 Qd4 12. Qc3 Qxd5 13. Qxc7 Nc6 14. Bf3 Qd3 15. Re1 Nd4 16. Re3 Qc2 17. Qxd6 Nxf3+ 18. gxf3 Bh3 19. Qe5 Rae8 0-1

[Event "Marseille op"]
[Site "Marseille"]
[Date "2007.12.27"]
[Round "2"]
[White "Quere, Alexandre"]
[Black "Moncamp, Gilles"]
[Result "0-1"]
[WhiteElo "1967"]
[BlackElo "2207"]
[PlyCount "68"]
[EventDate "2007.12.27"]
[EventType "swiss"]
[EventRounds "9"]
[EventCountry "FRA"]
[SourceTitle "CBM 122 Extra"]
[Source "ChessBase"]
[SourceDate "2008.03.04"]
[SourceVersion "1"]
[SourceVersionDate "2008.03.04"]
[SourceQuality "1"]

1. e4 e5 2. Bc4 Nf6 3. d4 exd4 4. Nf3 Nc6 5. 0-0 Nxe4 6. Re1 d5 7. Bxd5 Qxd5 8. Nc3 Qa5 9. Nxe4 Be6 10. Neg5 0-0-0 11. Nxe6 fxe6 12. Rxe6 Bd6 13. Bg5 Rde8 14. Qe1 Qxe1+ 15. Raxe1 Rxe6 16. Rxe6 Kd7 17. Re4 Re8 18. Rxe8 Kxe8 19. Bd2 Kf7 20. Kf1 h6 21. Ke2 Ke6 22. Kd3 Kd5 23. h4 b5 24. c3 Ne5+ 25. Nxe5 Bxe5 26. cxd4 Bxd4 27. Bc3 Bxf2 28. Bxg7 h5 29. Bf6 c5 30. Bg5 c4+ 31. Kc2 Bd4 32. Bd2 Ke4 33. b3 Kf5 34. bxc4 bxc4 0-1

[Event "FRA-chT2 South 0708"]
[Site "France"]
[Date "2007.12.16"]
[Round "4.2"]
[White "Martin Gonzalez, Angel"]
[Black "Moncamp, Gilles"]
[Result "1-0"]
[WhiteElo "2362"]
[BlackElo "2207"]
[PlyCount "85"]
[EventDate "2007.10.21"]
[EventType "team"]
[EventRounds "11"]
[EventCountry "FRA"]
[SourceTitle "EXT 2009"]
[Source "ChessBase"]
[SourceDate "2008.11.26"]
[SourceVersion "1"]
[SourceVersionDate "2008.11.26"]
[SourceQuality "1"]
[WhiteTeam "Montpellier Diagonale"]
[BlackTeam "L'Isle sur la Sorgue"]
[WhiteTeamCountry "FRA"]
[BlackTeamCountry "FRA"]

1. e4 e5 2. Nf3 Nc6 3. Bb5 a6 4. Ba4 d6 5. 0-0 Bg4 6. h3 h5 7. c4 Qf6 8. Qb3 0-0-0 9. Bxc6 bxc6 10. d4 Bxf3 11. dxe5 dxe5 12. Qxf3 Qxf3 13. gxf3 Bc5 14. Nc3 Ne7 15. Na4 Bd4 16. Be3 Ng6 17. Rfd1 Nh4 18. f4 exf4 19. Bxd4 Nf3+ 20. Kg2 Nxd4 21. Nc5 f3+ 22. Kh2 Rhe8 23. Rd3 Ne6 24. Rxd8+ Rxd8 25. Nxe6 fxe6 26. Kg3 Rd4 27. Kxf3 Rxc4 28. Rg1 Rc2 29. Rxg7 Rxb2 30. Re7 Rxa2 31. Rxe6 Kd7 32. Re5 a5 33. Rxh5 a4 34. h4 Kd6 35. Ra5 c5 36. h5 Ra1 37. Kg2 c4 38. h6 c3 39. h7 c2 40. h8Q c1Q 41. Qd4+ Ke7 42. Re5+ Kf7 43. Qd7+ 1-0

[Event "FRA-chT2 South 0607"]
[Site "France"]
[Date "2007.01.21"]
[Round "6.6"]
[White "Moncamp, Gilles"]
[Black "Saint Arroman, Alain"]
[Result "1-0"]
[WhiteElo "2201"]
[BlackElo "2001"]
[PlyCount "72"]
[EventDate "2006.10.15"]
[EventType "team"]
[EventRounds "11"]
[EventCountry "FRA"]
[SourceTitle "EXT 2008"]
[Source "ChessBase"]
[SourceDate "2007.11.25"]
[SourceVersion "1"]
[SourceVersionDate "2007.11.25"]
[SourceQuality "1"]
[WhiteTeam "Nice"]
[BlackTeam "Grenoble"]
[WhiteTeamCountry "FRA"]
[BlackTeamCountry "FRA"]

1. e4 e5 2. Nf3 Nc6 3. Bc4 Nf6 4. d4 exd4 5. e5 d5 6. Bb5 Ne4 7. Nxd4 Bd7 8. Bxc6 bxc6 9. 0-0 Be7 10. f3 Nc5 11. f4 Ne4 12. Nd2 c5 13. Nxe4 cxd4 14. Ng3 c5 15. f5 Qb6 16. a4 0-0-0 17. a5 Qc6 18. Bf4 h5 19. Nxh5 Bxf5 20. Nxg7 Be4 21. Qg4+ Kb7 22. Bg3 Qg6 23. Qxg6 Bxg6 24. Nf5 Bf8 25. Nd6+ Bxd6 26. exd6 Rd7 27. Rf2 Ka6 28. c3 d3 29. b4 cxb4 30. cxb4 Rc8 31. Rb2 Kb5 32. a6 Rc2 33. Ra5+ Kc4 34. Rc5+ Kd4 35. Bf2+ Ke5 36. Rcxc2 dxc2 1-0

[Event "FRA-chT2 South 0607"]
[Site "France"]
[Date "2006.11.26"]
[Round "3.4"]
[White "Moncamp, Gilles"]
[Black "Lacroix, Romain"]
[Result "1/2-1/2"]
[WhiteElo "2204"]
[BlackElo "2097"]
[PlyCount "72"]
[EventDate "2006.10.15"]
[EventType "team"]
[EventRounds "11"]
[EventCountry "FRA"]
[SourceTitle "EXT 2008"]
[Source "ChessBase"]
[SourceDate "2007.11.25"]
[SourceVersion "1"]
[SourceVersionDate "2007.11.25"]
[SourceQuality "1"]
[WhiteTeam "Nice"]
[BlackTeam "Tournefeuille"]
[WhiteTeamCountry "FRA"]
[BlackTeamCountry "FRA"]

1. e4 e5 2. Nf3 Nf6 3. Nxe5 d6 4. Nf3 Nxe4 5. Nc3 Nxc3 6. dxc3 Be7 7. Bf4 Nc6 8. Qd2 Bg4 9. Be2 Qd7 10. h3 Bh5 11. g4 Bg6 12. 0-0-0 0-0-0 13. Bb5 Qe6 14. Kb1 Ne5 15. Bxe5 dxe5 16. Qe3 c6 17. Ba4 e4 18. Bb3 Qf6 19. Nd2 Kb8 20. Nxe4 Qe5 21. Qg3 Qxg3 22. Nxg3 Bh4 23. a4 Kc7 24. Nf5 Bxf5 25. gxf5 Bxf2 26. Bxf7 Rxd1+ 27. Rxd1 Rd8 28. Rd3 Rd6 29. Be6 b6 30. Rf3 Bh4 31. Ka2 Bf6 32. b4 h6 33. Kb3 Be5 34. Rd3 Bf6 35. c4 Rxd3+ 36. cxd3 c5 1/2-1/2

[Event "Salon de Provence op 1st"]
[Site "Salon de Provence"]
[Date "2006.04.25"]
[Round "3"]
[White "Moncamp, Gilles"]
[Black "De Laubadere, Philippe"]
[Result "1-0"]
[WhiteElo "2226"]
[BlackElo "1997"]
[PlyCount "81"]
[EventDate "2006.04.24"]
[EventType "swiss"]
[EventRounds "7"]
[EventCountry "FRA"]
[SourceTitle "CBM 112 Extra"]
[Source "ChessBase"]
[SourceDate "2006.07.14"]
[SourceVersion "1"]
[SourceVersionDate "2006.07.14"]
[SourceQuality "1"]

1. e4 d6 2. d4 Nf6 3. Nc3 g6 4. Nf3 Bg7 5. Be3 Nc6 6. h3 0-0 7. Qd2 e5 8. d5 Ne7 9. Bh6 Kh8 10. g4 Nfg8 11. Bxg7+ Kxg7 12. 0-0-0 f6 13. Be2 Bd7 14. Ne1 g5 15. h4 Ng6 16. Ng2 h6 17. Bf3 N8e7 18. Rh2 Rh8 19. Rdh1 Qf8 20. Nd1 Nf4 21. Nxf4 exf4 22. hxg5 fxg5 23. Qd4+ Kf7 24. e5 dxe5 25. Qxe5 Rc8 26. Nc3 Qg7 27. Qe4 Ng6 28. d6 c6 29. Qb4 Rb8 30. Ne4 b6 31. Be2 Ne5 32. f3 Kg6 33. Qc3 Rbe8 34. Bd3 Nxd3+ 35. Qxd3 Kf7 36. Qa6 Bxg4 37. d7 Rxe4 38. fxe4 Bxd7 39. Qxa7 Kg6 40. Rd2 Be8 41. Rd6+ 1-0

[Event "FRA-chT2C 0506"]
[Site "France"]
[Date "2006.04.01"]
[Round "10.6"]
[White "Candy, Romain"]
[Black "Moncamp, Gilles"]
[Result "1-0"]
[WhiteElo "2032"]
[BlackElo "2199"]
[PlyCount "98"]
[EventDate "2005.10.27"]
[EventType "team"]
[EventRounds "11"]
[EventCountry "FRA"]
[SourceTitle "EXT 2006"]
[Source "ChessBase"]
[SourceDate "2005.11.24"]
[SourceVersion "1"]
[SourceVersionDate "2005.11.24"]
[SourceQuality "1"]

1. e4 e5 2. Nf3 Nc6 3. Bb5 d6 4. d4 exd4 5. Nxd4 Bd7 6. 0-0 Nxd4 7. Bxd7+ Qxd7 8. Qxd4 Ne7 9. b3 Nc6 10. Qe3 0-0-0 11. Bb2 d5 12. exd5 Qxd5 13. Nc3 Qh5 14. Ne4 Re8 15. Rfe1 Bb4 16. c3 Ba5 17. Ng3 Qg6 18. Qxe8+ Rxe8 19. Rxe8+ Kd7 20. Re4 b5 21. c4 bxc4 22. Rd1+ Kc8 23. Rxc4 Bb6 24. Rdc1 Nd8 25. Bd4 Bxd4 26. Rxd4 Ne6 27. Rdc4 Qd3 28. Ne4 Qd5 29. Nc3 Qg5 30. Ne4 Qe5 31. Rd1 a5 32. Nc3 g5 33. Nd5 Qb2 34. Nxc7 Nxc7 35. Rdc1 Qxa2 36. Rxc7+ Kd8 37. R7c3 h5 38. h3 g4 39. h4 Ke7 40. R1c2 Qb1+ 41. Kh2 Kf8 42. Rc8+ Kg7 43. R2c5 Qxb3 44. Rxa5 Qb6 45. Rg5+ Kf6 46. Rcc5 Qd6+ 47. g3 Qd4 48. Rcf5+ Ke6 49. Rf4 Qd1 1-0

[Event "FRA-chT2C 0506"]
[Site "France"]
[Date "2006.03.12"]
[Round "9.6"]
[White "Moncamp, Gilles"]
[Black "Garro, Pierre"]
[Result "1-0"]
[WhiteElo "2199"]
[BlackElo "2150"]
[PlyCount "57"]
[EventDate "2005.10.27"]
[EventType "team"]
[EventRounds "11"]
[EventCountry "FRA"]
[SourceTitle "EXT 2006"]
[Source "ChessBase"]
[SourceDate "2005.11.24"]
[SourceVersion "1"]
[SourceVersionDate "2005.11.24"]
[SourceQuality "1"]

1. e4 c5 2. Nf3 Nc6 3. Nc3 e5 4. Bc4 Be7 5. d3 Nf6 6. Bg5 d6 7. h3 Nd4 8. Bxf6 Bxf6 9. Nd5 Bd7 10. c3 Ne6 11. a4 b6 12. Nh2 Bg5 13. g3 h5 14. h4 Bh6 15. Qf3 Qb8 16. 0-0 b5 17. axb5 Bxb5 18. Qxh5 g5 19. hxg5 Bg7 20. Qg4 Bxc4 21. dxc4 Qxb2 22. g6 Qb7 23. Rfb1 Qc8 24. Qf5 Rf8 25. Ng4 fxg6 26. Qxg6+ Rf7 27. Nge3 Kf8 28. Nf5 Qc6 29. Qxe6 1-0

[Event "Marseille Hiver op"]
[Site "Marseille"]
[Date "2005.12.29"]
[Round "5"]
[White "Moncamp, Gilles"]
[Black "Houard, Sebastien"]
[Result "1-0"]
[WhiteElo "2187"]
[BlackElo "2038"]
[PlyCount "79"]
[EventDate "2005.12.27"]
[EventType "swiss"]
[EventRounds "9"]
[EventCountry "FRA"]
[SourceTitle "CBM 110 Extra"]
[Source "ChessBase"]
[SourceDate "2006.03.10"]
[SourceVersion "2"]
[SourceVersionDate "2006.03.10"]
[SourceQuality "1"]

1. e4 e5 2. Nf3 Nc6 3. d4 exd4 4. Bc4 Nf6 5. 0-0 Nxe4 6. Re1 d5 7. Bxd5 Qxd5 8. Nc3 Qa5 9. Nxe4 Be6 10. Neg5 0-0-0 11. Nxe6 fxe6 12. Rxe6 Bd6 13. Bg5 Rde8 14. Qe2 Kd7 15. Re1 Qxe1+ 16. Qxe1 Rxe6 17. Qd1 Rhe8 18. Bd2 h6 19. b4 Bxb4 20. Bxb4 Nxb4 21. Qxd4+ Rd6 22. Qxg7+ Re7 23. Qg4+ Kd8 24. h4 Nxc2 25. Qg8+ Re8 26. Qb3 Ne1 27. Qxb7 Nxf3+ 28. Qxf3 a6 29. g4 Kd7 30. Qf5+ Kc6 31. g5 Ree6 32. Kg2 Kb6 33. Qb1+ Ka5 34. f4 Re3 35. Qc1 Rdd3 36. Qc5+ Ka4 37. Kf2 Rh3 38. g6 Rh2+ 39. Kg1 Rdh3 40. Qc6+ 1-0

[Event "Marseille Hiver op"]
[Site "Marseille"]
[Date "2005.12.28"]
[Round "3"]
[White "Moncamp, Gilles"]
[Black "Wicks, Keith"]
[Result "1-0"]
[WhiteElo "2187"]
[BlackElo "1530"]
[PlyCount "75"]
[EventDate "2005.12.27"]
[EventType "swiss"]
[EventRounds "9"]
[EventCountry "FRA"]
[SourceTitle "CBM 110 Extra"]
[Source "ChessBase"]
[SourceDate "2006.03.10"]
[SourceVersion "2"]
[SourceVersionDate "2006.03.10"]
[SourceQuality "1"]

1. e4 c6 2. d4 d5 3. e5 Bf5 4. Nc3 e6 5. g4 Bg6 6. Nge2 Bb4 7. Nf4 Ne7 8. h4 h6 9. Bd3 Nd7 10. Bxg6 Nxg6 11. Nxg6 Bxc3+ 12. bxc3 fxg6 13. Qd3 Nf8 14. Ba3 g5 15. Rb1 b5 16. h5 Kd7 17. Rxb5 Rb8 18. Rxb8 Qxb8 19. 0-0 Qb5 20. Qf3 Ke8 21. Bd6 Qb2 22. Qd3 Qxa2 23. f4 gxf4 24. Rxf4 Qb1+ 25. Rf1 Qb5 26. Rxf8+ Rxf8 27. Qg6+ Kd8 28. Bxf8 Qe2 29. Qf7 Qxg4+ 30. Kf2 Qh4+ 31. Ke2 Qh2+ 32. Ke1 Qxc2 33. Be7+ Kc7 34. Bc5+ Kd8 35. Qf8+ Kc7 36. Qd6+ Kb7 37. Qd7+ Ka6 38. Qxc6+ 1-0